[Event "XXIV Open de Gros"]
[Site "Donostia"]
[Date "2014.09.21"]
[Round "2.6"]
[White "Izagirre Alsua, A"]
[Black "Onate del Moral, Daniel"]
[Result "1-0"]
[WhiteElo "1954"]
[BlackElo "1206"]

1.e4 e5 2.Nf3 Nc6 3.Bb5 d6 4.c3 g6 5.O-O Bg7 6.h3 a6 7.Ba4 f5 8.exf5 Bxf5 
9.d4 b5 10.Bb3 Na5 11.Bc2 Bxc2 12.Qxc2 exd4 13.Re1+ Ne7 14.Bg5 Nc6 15.Nxd4
Bxd4 16.cxd4 d5 17.Qxc6+ 1-0

[Event "XXIV Open de Gros"]
[Site "Donostia"]
[Date "2014.09.21"]
[Round "2.11"]
[White "Aizpurua Zufiria, I"]
[Black "Munoz Avila, Jose Luis"]
[Result "0-1"]
[WhiteElo "1541"]
[BlackElo "1735"]

1.e4 d6 2.d4 Nf6 3.Nc3 e5 4.dxe5 dxe5 5.Qxd8+ Kxd8 6.Bg5 Be6 7.O-O-O+ Nd7 
8.Bxf6+ gxf6 9.Kb1 Bd6 10.Nge2 Ke7 11.Ng3 c6 12.Nf5+ Bxf5 13.exf5 Rad8 14.
Be2 Nc5 15.Bf3 Rhg8 16.Rhe1 Bc7 17.g4 a5 18.Rxd8 Rxd8 19.Kc1 Rd4 20.Be4 
Kd7 21.f3 b5 22.b3 Bd6 23.Ne2 Nxe4 24.Nxd4 Ba3+ 25.Kd1 Nc3+ 26.Kd2 exd4 
27.Kd3 Bc5 28.a3 Bb6 29.b4 axb4 30.axb4 Nd5 31.Rb1 Kd6 32.Rb3 Ke5 33.Ke2 
Kf4 34.Kf1 Ne3+ 35.Ke2 Nxc2 36.Kd3 Ne3 37.Ke2 Nd5 38.Kd2 Nc3 0-1

[Event "XXIV Open de Gros"]
[Site "Donostia"]
[Date "2014.09.23"]
[Round "4.6"]
[White "Izagirre Alsua, A"]
[Black "Abalia Patino, Aritz"]
[Result "0-1"]
[WhiteElo "1954"]
[BlackElo "1824"]

1.e4 c5 2.Nc3 Nc6 3.g3 g6 4.Bg2 Bg7 5.d3 d6 6.f4 e6 7.Nf3 Nge7 8.O-O O-O 
9.Be3 Nd4 10.Qd2 Nec6 11.Nd1 f5 12.Ne1 e5 13.fxe5 dxe5 14.c3 Ne6 15.exf5 
gxf5 16.Bh3 Ne7 17.Ng2 b6 18.Nh4 f4 19.Bxe6+ Bxe6 20.gxf4 Nd5 21.Ng2 Qf6 
22.c4 Nxe3 23.Qxe3 exf4 24.Rxf4 Qg6 25.Qg3 Qxg3 26.hxg3 Bf5 27.Rxf5 Rxf5 
28.Nf4 Be5 29.Ne3 Bd4 30.Kf2 Re8 31.Re1 Rfe5 32.Nd5 Rf8+ 33.Kg2 Bxb2 34.a4
Bd4 35.Re2 Bxe3 36.Rxe3 Rxe3 37.Nxe3 Rf7 38.Nd5 Kf8 39.Nf4 Ke7 40.Kf3 Kd6 
41.Ke3 Ke5 42.Ne2 Rf1 43.d4+ cxd4+ 44.Nxd4 Re1+ 45.Ne2 Rxe2+ 46.Kxe2 Kd4 
47.Kf3 Kxc4 48.Kg4 Kb4 0-1